| Tag |
First Indicator |
Second Indicator |
Subfields |
| LEADER |
00000cam a2200000 a 4500 |
| 001 |
in00001405063 |
| 005 |
20151020064134.0 |
| 008 |
970619s1998 nyub b 001 0 eng |
| 010 |
|
|
|a 97026806
|
| 020 |
|
|
|a 0765600978 (cloth : alk. paper)
|
| 035 |
|
|
|a (OCoLC)37226900
|
| 035 |
|
|
|9 AHP4585AM
|
| 040 |
|
|
|a DLC
|c DLC
|d TXA
|d UtOrBLW
|
| 043 |
|
|
|a a-cc---
|
| 049 |
|
|
|a TXAM
|
| 050 |
0 |
0 |
|a HV9817
|b .S48 1998
|
| 082 |
0 |
0 |
|a 365/.951
|2 21
|
| 100 |
1 |
|
|a Seymour, James D.
|
| 245 |
1 |
0 |
|a New ghosts, old ghosts :
|b prisons and labor reform camps in China /
|c James D. Seymour and Richard Anderson ; foreword by Fan Sidong.
|
| 264 |
|
1 |
|a Armonk, N.Y. :
|b M.E. Sharpe,
|c [1998]
|
| 264 |
|
4 |
|c ©1998
|
| 300 |
|
|
|a xvii, 313 pages :
|b maps ;
|c 24 cm.
|
| 336 |
|
|
|a text
|b txt
|2 rdacontent
|
| 337 |
|
|
|a unmediated
|b n
|2 rdamedia
|
| 338 |
|
|
|a volume
|b nc
|2 rdacarrier
|
| 500 |
|
|
|a "East Gate book."
|
| 504 |
|
|
|a Includes bibliographical references and index.
|
| 650 |
|
0 |
|a Prisons
|z China.
|
| 650 |
|
0 |
|a Forced labor
|z China.
|
| 650 |
|
0 |
|a Human rights
|z China.
|
| 700 |
1 |
|
|a Anderson, Richard.
|
| 948 |
|
|
|a c:ce
|
| 999 |
|
|
|a MARS
|
| 999 |
f |
f |
|s 56fb271b-57f4-3338-807f-0a98210ccd91
|i a3291316-d6ed-33bf-82aa-7d00283f82d6
|t 0
|
| 952 |
f |
f |
|p ric
|a Texas A&M University
|b Rellis Campus
|c Joint Library Facility
|d Remote Storage
|t 0
|e HV9817 .S48 1998
|h Library of Congress classification
|i unmediated -- volume
|m A14823400616
|
| 998 |
f |
f |
|a HV9817 .S48 1998
|t 0
|l Remote Storage
|